[Event "Heusenstamm Sparkassen op-B 3rd"]
[Site "Heusenstamm"]
[Date "2016.11.27"]
[Round "7"]
[White "Lietzau, Olaf"]
[Black "Senatov, Boris"]
[Result "1-0"]
[WhiteElo "1728"]
[BlackElo "1404"]
[PlyCount "69"]
[EventDate "2016.11.27"]
[EventType "swiss"]
[EventRounds "7"]
[EventCountry "GER"]
[SourceTitle "EXT 2018"]
[Source "ChessBase"]
[SourceDate "2017.10.13"]
[SourceVersion "1"]
[SourceVersionDate "2017.10.13"]
[SourceQuality "1"]

1. g3 d5 2. d3 e5 3. Bg2 Nf6 4. Nf3 Nc6 5. Nbd2 Bc5 6. h3 0-0 7. e4 dxe4 8. dxe4 Qe7 9. 0-0 Rd8 10. Qe2 a5 11. a3 a4 12. Nh4 Nd4 13. Qd1 Be6 14. Nf5 Qe8 15. Nxd4 Bxd4 16. Qe2 b5 17. Re1 c6 18. Bf1 Qd7 19. Kh2 Ne8 20. c3 Ba7 21. f4 exf4 22. gxf4 Bb8 23. Nf3 Nf6 24. Ng5 Bb3 25. e5 Nd5 26. Qe4 g6 27. c4 Ne7 28. cxb5 cxb5 29. Qxa8 Bd5 30. Qa5 Bc6 31. Bg2 Bc7 32. Qb4 Nd5 33. Bxd5 Qxd5 34. Ne4 Bb6 35. Nf6+ 1-0

[Event "Frankfurt-ch"]
[Site "Frankfurt"]
[Date "2008.06.16"]
[Round "7"]
[White "Lietzau, Olaf"]
[Black "Winand, Edgar"]
[Result "1-0"]
[WhiteElo "1652"]
[BlackElo "1778"]
[PlyCount "65"]
[EventDate "2008.04.28"]
[EventType "swiss"]
[EventRounds "7"]
[EventCountry "GER"]
[SourceTitle "EXT 2009"]
[Source "ChessBase"]
[SourceDate "2008.11.26"]
[SourceVersion "1"]
[SourceVersionDate "2008.11.26"]
[SourceQuality "1"]

1. Nf3 g6 2. c4 Bg7 3. g3 d6 4. Bg2 Nc6 5. d3 e5 6. 0-0 Nge7 7. Nbd2 0-0 8. a3 f5 9. e3 h6 10. Rb1 Be6 11. b4 Rb8 12. Nb3 Qd7 13. Bb2 Kh7 14. Qe2 g5 15. d4 e4 16. Nfd2 Bf7 17. b5 Nd8 18. f3 Bh5 19. d5 Nf7 20. Bxg7 Kxg7 21. Qe1 Ne5 22. Qc1 exf3 23. Nxf3 c5 24. Nxe5 dxe5 25. Nxc5 Qc8 26. Ne6+ Kf6 27. Nxf8 Qxf8 28. d6 Nc8 29. c5 b6 30. d7 Ne7 31. c6 Rd8 32. Qd2 Bf7 33. c7 1-0

[Event "Frankfurt-ch"]
[Site "Frankfurt"]
[Date "2008.06.02"]
[Round "5"]
[White "Lietzau, Olaf"]
[Black "Benikhis, Avram"]
[Result "0-1"]
[WhiteElo "1652"]
[BlackElo "1774"]
[PlyCount "88"]
[EventDate "2008.04.28"]
[EventType "swiss"]
[EventRounds "7"]
[EventCountry "GER"]
[SourceTitle "EXT 2009"]
[Source "ChessBase"]
[SourceDate "2008.11.26"]
[SourceVersion "1"]
[SourceVersionDate "2008.11.26"]
[SourceQuality "1"]

1. Nf3 d5 2. d4 Bf5 3. c4 e6 4. Nc3 Nc6 5. e3 Nb4 6. e4 dxe4 7. Ne5 e3 8. Bxe3 Nc2+ 9. Ke2 Nxa1 10. Qxa1 f6 11. Nf3 h5 12. h3 c6 13. g3 Qa5 14. Bg2 Qa6 15. Nd2 Nh6 16. Be4 Bxe4 17. Ncxe4 Nf5 18. Rf1 0-0-0 19. b3 Be7 20. Rd1 Nxe3 21. fxe3 b6 22. Kf2 f5 23. Nc3 h4 24. Kg2 hxg3 25. Nf3 Bf6 26. Ne2 g5 27. Nxg3 Qb7 28. Qb1 g4 29. hxg4 fxg4 30. Nh2 Rdg8 31. Qe4 Qd7 32. Rh1 Rh4 33. b4 a6 34. a4 Qd6 35. b5 Rh3 36. Nhf1 Rxh1 37. Kxh1 axb5 38. cxb5 Qd5 39. bxc6 Kc7 40. Kg2 Ra8 41. Kf2 Qxe4 42. Nxe4 Bh4+ 43. Ke2 Rxa4 44. Kd3 Ra2 0-1

[Event "Frankfurt-ch"]
[Site "Frankfurt"]
[Date "2008.05.05"]
[Round "2"]
[White "Hoti, Safet"]
[Black "Lietzau, Olaf"]
[Result "1-0"]
[WhiteElo "1978"]
[BlackElo "1652"]
[PlyCount "53"]
[EventDate "2008.04.28"]
[EventType "swiss"]
[EventRounds "7"]
[EventCountry "GER"]
[SourceTitle "EXT 2009"]
[Source "ChessBase"]
[SourceDate "2008.11.26"]
[SourceVersion "1"]
[SourceVersionDate "2008.11.26"]
[SourceQuality "1"]

1. d4 Nf6 2. c4 g6 3. Nc3 Bg7 4. e4 d6 5. f4 0-0 6. Be2 c5 7. dxc5 dxc5 8. Be3 Qxd1+ 9. Rxd1 b6 10. e5 Ng4 11. Bc1 Na6 12. Nd5 Re8 13. Bf3 Rb8 14. Ne2 Nh6 15. 0-0 Bg4 16. Bxg4 Nxg4 17. Nec3 e6 18. Ne3 Nxe3 19. Bxe3 Bf8 20. Rd7 Re7 21. Rfd1 Rxd7 22. Rxd7 Ra8 23. a3 Nb8 24. Rd8 Kg7 25. f5 gxf5 26. Bg5 h6 27. Bf6+ 1-0

[Event "Frankfurt-ch"]
[Site "Frankfurt"]
[Date "2007.05.14"]
[Round "3"]
[White "Fischer, Arthur"]
[Black "Lietzau, Olaf"]
[Result "1-0"]
[WhiteElo "2074"]
[BlackElo "1665"]
[PlyCount "49"]
[EventDate "2007.04.30"]
[EventType "swiss"]
[EventRounds "7"]
[EventCountry "GER"]
[SourceTitle "EXT 2008"]
[Source "ChessBase"]
[SourceDate "2007.11.25"]
[SourceVersion "1"]
[SourceVersionDate "2007.11.25"]
[SourceQuality "1"]

1. e4 d6 2. d4 g6 3. Nc3 Bg7 4. Be2 Nf6 5. h4 h5 6. Be3 0-0 7. Qd2 Kh7 8. Nh3 Ng4 9. Bxg4 Bxg4 10. Ng5+ Kg8 11. f3 Bc8 12. 0-0-0 a6 13. Rdg1 Nd7 14. g4 hxg4 15. h5 Qe8 16. hxg6 fxg6 17. Ne6 Nb6 18. Nxg7 Nc4 19. Nxe8 Nxd2 20. Nxc7 Nxf3 21. Nxa8 Nxg1 22. Rxg1 Rf3 23. Kd2 g3 24. Ne2 Be6 25. Rxg3 1-0

[Event "Frankfurt-ch"]
[Site "Frankfurt"]
[Date "2007.04.30"]
[Round "1"]
[White "Lietzau, Olaf"]
[Black "Orwatsch, Gerhard"]
[Result "0-1"]
[WhiteElo "1665"]
[BlackElo "2082"]
[PlyCount "96"]
[EventDate "2007.04.30"]
[EventType "swiss"]
[EventRounds "7"]
[EventCountry "GER"]
[SourceTitle "EXT 2008"]
[Source "ChessBase"]
[SourceDate "2007.11.25"]
[SourceVersion "1"]
[SourceVersionDate "2007.11.25"]
[SourceQuality "1"]

1. d4 g6 2. c4 Bg7 3. Nc3 d6 4. e4 Nc6 5. Be3 e5 6. d5 Nd4 7. Nge2 Bg4 8. f3 Bxf3 9. gxf3 Nxf3+ 10. Kf2 Qf6 11. Nf4 exf4 12. Qxf3 fxe3+ 13. Kxe3 Qd4+ 14. Ke2 Qxc4+ 15. Qd3 Qxd3+ 16. Kxd3 Ne7 17. Nb5 Kd7 18. Kc2 c6 19. dxc6+ bxc6 20. Na3 f5 21. Bh3 Kc7 22. Rae1 f4 23. b3 a5 24. Be6 a4 25. Nb1 axb3+ 26. Bxb3 g5 27. Nd2 h5 28. Nf3 g4 29. Ng5 Be5 30. Rd1 Ra5 31. Rd3 Rha8 32. Ne6+ Kb6 33. Rb1 Rb5 34. Rd2 f3 35. Nd4 Bxd4 36. Rxd4 Kc7 37. Rbd1 d5 38. e5 c5 39. Bxd5 cxd4 40. Bxa8 Rxe5 41. Kd3 Ra5 42. Be4 Rxa2 43. Rh1 Nc6 44. Bd5 Ra3+ 45. Kd2 Kd6 46. Bf7 h4 47. Bc4 Ne5 48. Bb5 Ra2+ 0-1